[Event "Mecklenburg VP-ch U16"]
[Site "Malchow"]
[Date "2018.02.07"]
[Round "5.10"]
[White "Tratzki, Mark Ulrich"]
[Black "Wolfgramm, Egon"]
[Result "1-0"]
[WhiteElo "920"]
[BlackElo "1226"]
[PlyCount "67"]
[EventDate "2018.02.07"]
[EventType "swiss"]
[EventRounds "7"]
[EventCountry "GER"]
[SourceTitle "EXT 2022"]
[Source "ChessBase"]
[SourceDate "2021.10.06"]
[SourceVersion "1"]
[SourceVersionDate "2021.10.06"]
[SourceQuality "1"]

1. d4 d5 2. c4 Nf6 3. Nc3 dxc4 4. e4 e6 5. Bxc4 c6 6. Nf3 Qa5 7. 0-0 Be7 8. Bd2 Qc7 9. e5 Nfd7 10. Ne4 c5 11. Bc3 cxd4 12. Qxd4 Nc6 13. Nd6+ Bxd6 14. Qxd6 Qxd6 15. exd6 0-0 16. Rfe1 Rd8 17. Rad1 a6 18. a4 Rb8 19. Ne5 Ndxe5 20. Bxe5 Nxe5 21. Rxe5 Bd7 22. Bb3 Re8 23. Rc5 Rbc8 24. Rc7 Red8 25. Rxb7 Rc6 26. Rc7 Rb6 27. Rd3 Be8 28. d7 Kf8 29. dxe8Q+ Kxe8 30. Rxd8+ Kxd8 31. Rc3 Rd6 32. Bc2 f6 33. h3 Rd2 34. h4 1-0